| 000 | 01268nam0a2200325 i 4500 | ||
|---|---|---|---|
| 001 | RU\NLR\bibl\1936496 | ||
| 005 | 20241105180420.0 | ||
| 010 |
_a9785793404600 _93700 |
||
| 021 |
_aRU _b2012-55091 _94021 |
||
| 035 | _a(NLR Aleph) 001925796 | ||
| 090 |
_a3368003 _c3368003 |
||
| 100 | _a20120822d2011 u y0rusy50 ca | ||
| 101 | 0 | _arus | |
| 102 | _aRU | ||
| 105 | _aa ||||||||| | ||
| 200 | 1 |
_aВоркута _eгород на угле, город в Арктике _f[отв. ред.: д.б.н. М.Б. Гецен] |
|
| 205 | _a[2-е, доп. и перераб. изд.] | ||
| 210 |
_aСыктывкар _cКоми республиканская типография _d2011 |
||
| 215 |
_a511 с. _cил., цв. ил. _d30 |
||
| 300 | _aЗагл. в макете: Воркута - город на угле, город в Арктике | ||
| 320 | _aУказатели: с. 498-507 | ||
| 607 |
_aВоркута, город (Коми, Республика) _92196997 _3RU\NLR\auth\661320374 |
||
| 686 | _aД890(2Р31-6Ко-2) | ||
| 686 | _aТ3(2Р-6Ко-2Во) | ||
| 702 | 1 |
_aГецен _bМ. В. _gМаргарита Васильевна _4340 |
|
| 801 | 0 |
_aRU _bNLR _c20120822 _gRCR |
|
| 801 | 1 |
_aRU _bNLR _c20120822 |
|
| 942 | _cBOOK | ||
| 980 | _aNBR | ||